| 000 | 00926cab a22002415a 4500 | ||
|---|---|---|---|
| 001 | L160012 | ||
| 008 | 150113e2016 xxk 000 0 eng d | ||
| 035 | _a(Sirsi) u160012 | ||
| 041 | 0 | _aeng | |
| 050 | _a333.72 | ||
| 100 | 1 | _aTompkins, Sean | |
| 245 | 0 | 0 |
_aSecuring a sustainable future _h[electronic resource] |
| 260 |
_aLondon _bRICS _c2016 |
||
| 490 |
_aRICS Building Surveying Journal _vMay 2016 - June 2016, 6(1) |
||
| 520 | _aDiscusses RICS input into a major international UN Climate Change Conference COP21. | ||
| 650 | 2 | 4 | _aCLIMATE CHANGE |
| 650 | 2 | 4 | _aABOUT RICS |
| 650 | 2 | 4 | _aCARBON EMISSIONS |
| 690 |
_aSustainability _96271 |
||
| 856 | 4 | 0 |
_uhttps://www.rics.org/Global/BSJ-BCJ%20May-June%202016%20Interactive.pdf _zView the article free of charge at www.rics.org... |
| 856 | 4 | 0 |
_uhttps://www.rics.org/Global/BSJ-BCJ%20May-June%202016%20Interactive.pdf _yAvailable free online via Issuu |
| 942 |
_n0 _2ddc |
||
| 999 |
_c85128 _d85128 |
||